00326nam a2200121Ia 4500008004100000020001500041041000800056082001200064100002500076245006000101260003500161300000800196230724s2007 xx und d a1552977218 aeng a932.012 aJACKSON K.& STAMP J. aBUULDING THE GREAT PYRAMID ,PYRAMIDS-EGYPT CIVILIZATION bFIVE STANS CENTRE PRIZESc2007 a191